LEADER 01447nam a2200325 i 4500 001 000000149233 003 CaOOAMICUS 005 20060511000000.0 008 060511s2004 it u000 u ita u 013 $a126553 020 $a88-315-2701-0 040 $aSeMil$bita 100 0 $aErasmus, Desiderius ,$d.$0(OLS)http://semarc/name/89173 245 10$aElogio della follia /$cErasmo da Rotterdam. Corrispondenza Dorp - Erasmo - Moro / Introduzione e note di Stefano Cavallotto ; Traduzione della Comunità di San Leolino ; Revisione del curatore. 260 $aMilano :$bPaoline,$c2004. 300 $a472 p. ;$c20 cm. 490 0 $aLetture cristiane del secondo millennio ;$v35 500 $aDono del Card. Dionigi Tettamanzi. 700 1 $aComunità di San Leolino.$0(OLS)http://semarc/name/48451 700 1 $aCavallotto, Stefano,$c.$0(OLS)http://semarc/name/1413 830 0$aLetture cristiane del secondo millennio ;$v35.$0(OLS)http://semarc/title/7872 850 $aSeMil 852 $aSeMil$W1$xVenegono$y1$m2S VI 235$j101530$B101530$CSeMilBibl$Z2$F111247 $81 900 0 $aErasmo : da Rotterdam. 941 1 $a5 961 $aOmaggio: Tettamanzi Card. Dionigi 996 $6020$a88-315-2701-0$9(OLS)http://semarc/number/138342 996 $6245$aElogio della follia$9(OLS)http://semarc/title/78948 996 $6260$aMilano :$bPaoline$9(OLS)http://semarc/publisher/29684 LEADER 01584nam a2200313 i 4500 001 000000077401 003 CaOOAMICUS 005 20040730000000.0 008 040730s1998 it u000 u mul u 013 $a48573 020 $a88-222-4649-7 040 $aSeMil$bita 100 1 $aSturzo, Luigi,$c.$0(OLS)http://semarc/name/414 245 10$aCorrispondenza americana 1940-1944 /$cLuigi Sturzo, Mario Einaudi ; a cura e con introduzione di Corrado Malandrino ; presentazione di Massimo L. Salvadori ; prefazione di Gabriele De Rosa. 260 $aFirenze :$bOlschki,$c1998. 300 $aLXXIX, 341 p. :$b[2] ritratti ;$c24 cm. 500 $aIn testa al front. : Fondazione Luigi Einaudi ; Istituto Luigi Sturzo. 650 4$aSturzo, Luigi - Lettere e carteggi.$0(OLS)http://semarc/subject/74 650 4$aEinaudi, Mario - Lettere e Carteggi.$0(OLS)http://semarc/subject/15798 700 1 $aEinaudi, Mario.$0(OLS)http://semarc/name/38063 700 1 $aDe Rosa, Gabriele,$d<1917-2009>.$0(OLS)http://semarc/name/220 700 1 $aSalvadori, Massimo L.$0(OLS)http://semarc/name/5307 700 1 $aMalandrino, Corrado.$0(OLS)http://semarc/name/38064 850 $aSeMil 852 $aSeMil$W1$xVenegono$y1$m3N VI 325$j43553$B43553$CSeMilBibl$Z2$F86051 $81 961 $aOmaggio: Istituto Luigi Sturzo 996 $6020$a88-222-4649-7$9(OLS)http://semarc/number/59056 996 $6245$aCorrispondenza americana 1940-1944$9(OLS)http://semarc/title/125694 996 $6260$aFirenze :$bOlschki$9(OLS)http://semarc/publisher/30137